Potenciálny a reálny dopyt po produkte vo vybraných službách cestovného ruchu na základe sociálneho statusu diplomová práca

Gespeichert in:
Bibliographische Detailangaben
1. Verfasser: Kašičková, Kristína
Körperschaft: Obchodná fakulta EU. Katedra služieb a cestovného ruchu - zrušené
Weitere Verfasser: Frasch, Alexander, 1992-
Format: Buch
Sprache:Slowakisch
Veröffentlicht: Bratislava 2022
Tags: Tag hinzufügen
Keine Tags, Fügen Sie das erste Tag hinzu!

MARC

LEADER 00000nbm a2200000 4500
001 0284343
005 20221206091026.6
041 0 |a slo 
044 |a SK 
245 1 0 |a Potenciálny a reálny dopyt po produkte vo vybraných službách cestovného ruchu na základe sociálneho statusu  |b diplomová práca  |c Kristína Kašičková ; školiteľ: Alexander Frasch 
264 1 |a Bratislava  |c 2022 
300 |a 69 s. 
100 1 |a Kašičková, Kristína 
700 1 |a Frasch, Alexander, 1992- 
710 2 |a Obchodná fakulta EU. Katedra služieb a cestovného ruchu - zrušené